[Event "79th ARM-ch 2019"]
[Site "Yerevan"]
[Date "2019.01.17"]
[Round "6"]
[White "Harutyunian, Tigran K."]
[Black "Ter-Sahakyan, Samvel"]
[Result "1/2-1/2"]
[WhiteElo "2542"]
[BlackElo "2574"]
[Annotator "TA"]
[PlyCount "93"]
[EventDate "2019.01.12"]
[EventType "tourn"]
[EventCountry "ARM"]
[SourceTitle "playchess.com"]
[Source "ChessBase"]
[SourceQuality "1"]

{[%evp 16,93,15,0,9,0,69,64,81,51,52,47,47,40,63,52,70,54,68,55,106,85,131,127,128,125,131,122,119,118,147,126,139,134,158,-521,156,150,153,150,238,225,208,199,186,189,224,202,187,189,208,210,197,203,186,191,252,166,159,137,137,137,142,144,137,21,19,0,0,0,0,0,0,0,0,0,0,0,0,0]} 1. Nf3 d5 2. g3 g6 3. Bg2 Bg7 4. d4 Nf6 5. c4 dxc4 6. Na3 {[%cal Bb1a3,Ba3c4,Bc4e5][%mdl 32]} O-O 7. O-O c5 8. Nxc4 Be6 {D77: Fianchetto Grünfeld: 6 0-0: Replies other than 6...c6} 9. Nfe5 {LiveBook: 5 Games} (9. Nce5 cxd4 10. Qxd4 Qxd4 11. Nxd4 Bd5 12. Rd1 Bxg2 13. Kxg2 Rd8 14. Bf4 Nd5 15. Ndf3 Na6 16. Bd2 {½-½ (35) Nakamura,H (2777)-Caruana,F (2822) Saint Louis 2018}) 9... Qc8 $1 10. dxc5 Nc6 $146 (10... Nfd7 $1 $11 11. Nxd7 Nxd7) ({Predecessor:} 10... Nfd7 11. Nxd7 Nxd7 12. c6 bxc6 13. Na5 Bd5 14. Bxd5 cxd5 15. Qxd5 Nf6 16. Qf3 Qe6 17. Rd1 Ne4 18. Nb3 Rfd8 19. Be3 Bxb2 20. Rab1 Bf6 {½-½ (20) Banusz,T (2612)-Gledura,B (2621) Budapest 2018}) 11. Nxc6 $14 bxc6 12. Ne5 Nd5 13. Nd3 a5 14. a3 Qa6 15. Bg5 $36 {[%mdl 2048] Black is under pressure.} h6 16. Bd2 Rab8 17. Qa4 Rb5 ({Black should try} 17... Bf5 $14) 18. Rac1 $16 Qb7 19. Bxa5 Bxb2 20. Nxb2 Rxb2 21. e4 Nf6 22. Qd4 Rb3 23. Bb4 Qc8 24. Rfd1 {[%cal Bf1d1,Bd1d3,Bd3c3][%mdl 32]} Kh7 25. Rc3 $2 {[#]} (25. a4 $16 {stays on course.}) 25... h5 $2 (25... Rd8 $1 $19 {[%cal Rd8d4][%mdl 512]} 26. Rxb3 (26. Qxd8 $2 {perishes.} Qxd8 27. Bf3 Qb8 $19) 26... Rxd4 27. Rxd4 Bxb3) 26. Rxb3 Bxb3 27. Rd3 Qe6 (27... Bc2 $16) 28. e5 $18 Ng4 29. h3 Nh6 30. g4 Bc4 31. Rc3 Bb5 {[%cal Rh5g4]} 32. Rg3 Kg7 33. Bd2 hxg4 34. hxg4 Rh8 35. a4 Ba6 (35... Be2 {might work better.} 36. Qe4 Bd1 37. Qxc6 Qxc6 38. Bxc6 Rc8) 36. Qe4 Qa2 37. Bc3 e6 38. Rh3 Bc4 39. Qf4 {Hoping for Bd2.} Qxa4 {[#] Black wants to play ...Qd1+.} 40. Bf1 ({Better is} 40. Bf3 $1 $16 Ng8 41. Rxh8 Kxh8 42. Qxf7) 40... Bb5 $1 $11 {The position is equal.} 41. Qf6+ Kg8 42. Bxb5 Qxg4+ 43. Kh2 ({Don't do} 43. Rg3 $6 Qd1+ 44. Bf1 Nf5 $16) 43... Qe4 44. Kg1 Qg4+ $1 45. Kh2 {Strongly threatening Bd2.} Qe4 {...Ng4+ is the strong threat.} 46. Kg1 Qg4+ $1 47. Kh2 {Precision: White = 53%, Black = 51%.} 1/2-1/2

[Event "79th ARM-ch 2019"]
[Site "Yerevan"]
[Date "2019.01.17"]
[Round "6"]
[White "Sargsyan, Shant"]
[Black "Hovhannisyan, Robert"]
[Result "0-1"]
[WhiteElo "2486"]
[BlackElo "2637"]
[Annotator "TA"]
[PlyCount "72"]
[EventDate "2019.01.12"]
[EventType "tourn"]
[EventCountry "ARM"]
[SourceTitle "playchess.com"]
[Source "ChessBase"]
[SourceQuality "1"]

{[%evp 24,72,0,0,0,0,0,-29,-41,-55,-70,-103,-117,-123,-116,-101,-64,-56,-41,-43,-41,-106,-13,-11,-16,-95,-72,-112,0,-58,-9,-31,0,0,0,0,0,0,33,-80,-70,-669,-667,-643,-636,-29983,-29984,-29984,-1218,-29985,-29986]} 1. d4 d5 2. c4 c6 3. Nf3 Nf6 4. Nc3 e6 5. Bg5 h6 6. Bxf6 Qxf6 7. g3 dxc4 8. Bg2 Nd7 9. O-O Be7 10. Ne4 {D43: Semi-Slav: 5 Bg5 h6} Qf5 11. Ned2 e5 12. e4 Qe6 13. Rc1 {[#] LiveBook: 6 Games} c3 $146 ({Predecessor:} 13... b5 14. b3 c3 15. Rxc3 Bb7 16. d5 cxd5 17. Rc7 Rb8 18. exd5 Bxd5 {½-½ (54) Li,C (2755)-Topalov,V (2754) Stavanger 2016}) 14. bxc3 Qxa2 15. Nb3 O-O 16. dxe5 Nc5 17. Nxc5 Bxc5 18. Nd4 {[#]} Rd8 $1 19. Qd3 Be6 20. Rfd1 Bb6 21. Ra1 Qc4 22. Qe3 (22. Qxc4 $1 $15 Bxc4 23. Rab1) 22... Rd7 (22... Qc5 $17 23. Nxe6 Qxe3 24. fxe3 Bxe3+ 25. Kh1 fxe6) 23. Bf1 $1 $11 {[%cal Rf1c4]} Qc5 24. f4 (24. Nxe6 $11 {keeps the balance.} Qxe3 25. fxe3 Rxd1 26. Rxd1 Bxe3+ 27. Kg2 fxe6 28. Rd7) 24... Rad8 {[%cal Rd7d4]} 25. Kh1 Ba5 ({Black should play} 25... Bg4 $17 26. Rdc1 Qf8) 26. Rac1 ({White should try} 26. Rdc1 $11) 26... Qa3 27. Qe2 (27. f5 $5 {[%cal Rf5e6]} Rxd4 28. Rxd4 Rxd4 {[%mdl 64] Pin} 29. fxe6 fxe6 30. Bh3 $11) 27... Bxc3 (27... Bb3 $5 28. Re1 Rxd4 $15 {[%mdl 64] Pin}) 28. Nxe6 fxe6 29. Bh3 $1 {[%cal Rh3e6]} Rd2 30. Bxe6+ Kh8 {[#] Hoping for ...Qxc1.} 31. Rb1 (31. Qh5 $14 {stays ahead.}) 31... Qa4 $36 {[%cal Rd2d1][%mdl 2048] Black has some pressure.} ({Inferior is} 31... Rxe2 32. Rxd8+ Kh7 33. Bf5+ g6 34. Rxb7+ Qe7 35. Rxe7#) 32. Bg4 $2 {[%mdl 8192]} (32. Rxd2 $15 Rxd2 33. Bb3 Qxb3 34. Rxb3 Rxe2 35. Rxc3) 32... R8d3 $19 ({Not} 32... Rxe2 33. Rxd8+ Kh7 34. Bf5+ g6 35. Rxb7#) 33. Rxd2 Rxd2 34. Qf3 Qc2 35. Rd1 Rxh2+ 36. Kg1 Ba5 {Accuracy: White = 39%, Black = 76%.} 0-1

[Event "79th ARM-ch 2019"]
[Site "Yerevan"]
[Date "2019.01.18"]
[Round "7"]
[White "Hovhannisyan, Robert"]
[Black "Martirosyan, Haik M."]
[Result "1/2-1/2"]
[WhiteElo "2637"]
[BlackElo "2607"]
[Annotator "TA"]
[PlyCount "41"]
[EventDate "2019.01.12"]
[EventType "tourn"]
[EventCountry "ARM"]
[SourceTitle "playchess.com"]
[Source "ChessBase"]
[SourceQuality "1"]

{[%evp 20,41,26,17,31,27,25,16,44,43,44,25,29,34,17,18,15,21,25,8,26,0,10,21]} 1. e4 e6 2. d4 d5 3. Nc3 Nf6 4. Bg5 Bb4 5. e5 h6 6. Bd2 Bxc3 7. Bxc3 Ne4 8. Bb4 c5 9. Bxc5 Nxc5 10. dxc5 Nc6 {C12: French: Classical System: McCutcheon Variation} (10... Qa5+ 11. Qd2 Qxc5 12. f4 Nc6 13. Nf3 a5 14. Bd3 b6 15. c3 Ba6 16. Bxa6 Rxa6 17. Nd4 Ra7 18. O-O O-O {½-½ (81) Guseinov,G (2636)-Nepomniachtchi,I (2730) Porto Carras 2011}) 11. Nf3 {LiveBook: 3 Games} Qa5+ 12. c3 Qxc5 {White has an edge.} 13. Bd3 Bd7 14. O-O O-O 15. Rc1 f5 16. exf6 $146 ({Predecessor:} 16. Qe2 Be8 17. b4 Qe7 18. b5 Na5 {0-1 (41) Kaiev,L-Chistiakov,A Kiev (Ukraine) 1938}) 16... Rxf6 17. c4 Qd6 18. Bc2 Be8 19. cxd5 exd5 20. Nd4 Qe5 21. Nxc6 1/2-1/2

[Event "79th ARM-ch 2019"]
[Site "Yerevan"]
[Date "2019.01.18"]
[Round "7"]
[White "Petrosian, Tigran L."]
[Black "Harutyunian, Tigran K."]
[Result "1-0"]
[WhiteElo "2598"]
[BlackElo "2542"]
[Annotator "ChessBase"]
[PlyCount "97"]
[EventDate "2019.01.12"]
[EventType "tourn"]
[EventCountry "ARM"]
[SourceTitle "playchess.com"]
[Source "ChessBase"]
[SourceQuality "1"]
[TimeControl "40/5400+30:1800+30"]

1. e4 {[%emt 0:00:22]} e5 {[%emt 0:00:00]} 2. Nc3 {[%emt 0:01:33]} Nf6 {[%emt 0:00:19]} 3. g3 {[%emt 0:00:34]} d5 {[%emt 0:01:50]} 4. exd5 {[%emt 0:00:22]} Nxd5 {[%emt 0:00:14]} 5. Bg2 {[%emt 0:00:21]} Nxc3 {[%emt 0:00:06]} 6. bxc3 {[%emt 0:00:09]} Bc5 {[%emt 0:00:15]} 7. Ne2 {[%emt 0:01:12]} O-O {[%emt 0:01:08]} 8. d4 {[%emt 0:01:25]} Bb6 {[%emt 0:04:21]} 9. O-O {[%emt 0:55:31]} Re8 {[%emt 0:00:35]} 10. a4 {[%emt 0:03:00]} c6 {[%emt 0:04:19]} 11. Qd3 {[%emt 0:09:18]} Bg4 {[%emt 0:01:40]} 12. Be3 {[%emt 0:00:55]} Nd7 {[%emt 0:02:48]} 13. Nc1 {[%emt 0:03:20]} Nf6 {[%emt 0:05:21]} 14. Nb3 {[%emt 0:00:10]} a5 {[%emt 0:11:12]} 15. Rfe1 {[%emt 0:02:00]} Be6 {[%emt 0:08:24]} 16. Rab1 {[%emt 0:03:43]} Bd5 {[%emt 0:01:05]} 17. dxe5 {[%emt 0:07:36]} Rxe5 {[%emt 0:00:33]} 18. c4 {[%emt 0:00:07]} Bxg2 {[%emt 0:02:27]} 19. Qxd8+ {[%emt 0:00:06]} Bxd8 {[%emt 0:00:38]} 20. Kxg2 {[%emt 0:00:05]} b6 {[%emt 0:07:46]} 21. Red1 {[%emt 0:06:08]} h6 {[%emt 0:04:44]} 22. Rd6 {[%emt 0:00:30]} Rc8 {[%emt 0:01:21]} 23. Nd2 {[%emt 0:01:17]} Ne4 {[%emt 0:08:18]} 24. Nxe4 {[%emt 0:01:11]} Rxe4 {[%emt 0:00:01]} 25. Rd4 {[%emt 0:00:22]} Re6 {[%emt 0:00:08]} 26. Kf3 {[%emt 0:00:35]} Bc7 {[%emt 0:01:27]} 27. Rd7 {[%emt 0:00:41]} c5 {[%emt 0:00:17]} 28. Rbd1 {[%emt 0:00:34]} Rf6+ {[%emt 0:01:38]} 29. Ke2 {[%emt 0:00:12]} Re6 {[%emt 0:00:05]} 30. R1d5 {[%emt 0:00:54]} Kf8 {[%emt 0:03:30]} 31. h4 {[%emt 0:00:11]} Ke8 {[%emt 0:00:55]} 32. h5 {[%emt 0:00:24]} Re7 {[%emt 0:00:21]} 33. Rxe7+ {[%emt 0:00:08]} Kxe7 {[%emt 0:00:02]} 34. Kf3 {[%emt 0:00:34]} Rd8 {[%emt 0:01:46]} 35. Ke4 {[%emt 0:01:24]} Rd6 {[%emt 0:02:06]} 36. Rxd6 {[%emt 0:00:06]} Bxd6 {[%emt 0:00:32]} 37. Kf5 {[%emt 0:00:57]} Kd7 {[%emt 0:01:58]} 38. Bd2 {[%emt 0:00:10]} Ke7 {[%emt 0:03:00]} 39. Bc3 {[%emt 0:00:07]} f6 {[%emt 0:00:32]} 40. Kg6 {[%emt 0:00:00]} Kf8 {[%emt 0:00:00]} 41. f4 {[%emt 0:09:56]} Kg8 {[%emt 0:02:23]} 42. Bd2 {[%emt 0:00:10]} Bf8 {[%emt 0:20:51]} 43. g4 {[%emt 0:00:05]} Be7 {[%emt 0:00:18]} 44. Bc3 {[%emt 0:00:06]} Bd6 {[%emt 0:00:05]} 45. g5 {[%emt 0:01:01]} Bxf4 {[%emt 0:01:13]} 46. gxf6 {[%emt 0:00:06]} gxf6 {[%emt 0:00:04]} 47. Bxf6 {[%emt 0:00:08]} Kf8 {[%emt 0:00:32]} 48. Bg7+ {[%emt 0:00:16]} Ke7 {[%emt 0:00:06]} 49. Bxh6 {[%emt 0:00:08]} 1-0

[Event "79th ARM-ch 2019"]
[Site "Yerevan"]
[Date "2019.01.18"]
[Round "7"]
[White "Petrosyan, Manuel"]
[Black "Sargsyan, Shant"]
[Result "0-1"]
[WhiteElo "2579"]
[BlackElo "2486"]
[Annotator "TA"]
[PlyCount "68"]
[EventDate "2019.01.12"]
[EventType "tourn"]
[EventCountry "ARM"]
[SourceTitle "playchess.com"]
[Source "ChessBase"]
[SourceQuality "1"]

{[%evp 13,68,-5,-5,-5,3,-22,-8,-55,-56,-55,-45,-67,-75,-64,-70,-39,-62,-97,-106,-135,-128,-175,-150,-175,-157,-166,-160,-475,-465,-528,-551,-555,-547,-579,-466,-507,-393,-385,-387,-377,-371,-370,-369,-484,-487,-479,-487,-546,-566,-549,-494,-558,-557,-567,-569,-526,-465]} 1. c4 e5 2. Nc3 Nf6 3. g3 Bb4 4. Bg2 O-O 5. e4 d6 6. Nge2 Nc6 {[%cal Bb8c6,Bc6d4,Bd4f3][%mdl 32]} 7. a3 {A25: English Opening vs King's Indian with ...Nc6 but without early d3} (7. O-O Bc5 8. d3 a6 9. h3 h6 10. Kh2 b5 11. Nd5 bxc4 12. dxc4 Nxd5 13. cxd5 Nd4 14. Be3 Nxe2 15. Qxe2 {0-1 (44) Matlakov,M (2694)-Wojtaszek,R (2749) Doha 2016}) 7... Bc5 {LiveBook: 3 Games} 8. b4 Bb6 9. Na4 {The position is equal.} Nd4 $146 {With the idea ...Bg4.} ({Predecessor:} 9... Bg4 10. f3 Be6 11. d3 Nd7 12. Nxb6 axb6 13. Bb2 f5 14. exf5 Bxf5 {1-0 (54) Tahbaz,A (2408)-Asgarizadeh,A (2432) Hamedan 2017}) 10. Nxb6 (10. h3 {is interesting.} Nxe2 11. Qxe2 Bd4 12. Bb2 Bxb2 13. Nxb2 a5 14. O-O) 10... Bg4 $1 {[%cal Rg4e2]} 11. f3 $1 Nxf3+ 12. Bxf3 Bxf3 13. Nxa8 {Threatens to win with 0-0.} Bxh1 14. d3 Bf3 $36 {[%mdl 2048] Black has good play.} 15. Nxc7 Qxc7 16. Kf2 Bg4 17. Bg5 Nd7 {[%cal Bf6d7,Bd7c5,Bc5e6,Be6d4][%mdl 32]} 18. h3 Bxh3 {And now ...f5 would win.} 19. Nc3 {Strongly threatening Nd5.} f6 20. Bh4 $2 (20. Be3 $17 f5 21. Nd5) 20... Qb6+ $19 21. c5 {[#]} Nxc5 $1 {[%mdl 512]} 22. d4 (22. bxc5 Qxc5+) 22... Ne6 23. g4 g5 24. Nd5 Qxd4+ 25. Qxd4 Nxd4 ({Not} 25... exd4 26. Kg3 $19) 26. Kg3 Bxg4 ({Less strong is} 26... gxh4+ 27. Kxh3 Nf3 28. Rc1 $19) 27. Kxg4 gxh4 {[%mdl 4096] Endgame KRN-KRN} 28. Rc1 f5+ {Black is clearly winning.} 29. exf5 Nxf5 30. Kg5 {Now Nf6+ and White clings on.} Kg7 31. Rg1 h3 {[%cal Bh4h3,Bh3h2][%mdl 32]} 32. Kg4 h2 33. Rh1 {[#]} h5+ $1 34. Kh3 {[#]} (34. Kxh5 Ng3+) 34... Ne3 $1 {Accuracy: White = 47%, Black = 90%.} 0-1

[Event "79th ARM-ch 2019"]
[Site "Yerevan"]
[Date "2019.01.18"]
[Round "7"]
[White "Ter-Sahakyan, Samvel"]
[Black "Pashikian, Arman"]
[Result "1/2-1/2"]
[WhiteElo "2574"]
[BlackElo "2599"]
[Annotator "TA"]
[PlyCount "34"]
[EventDate "2019.01.12"]
[EventType "tourn"]
[EventCountry "ARM"]
[SourceTitle "playchess.com"]
[Source "ChessBase"]
[SourceQuality "1"]

{[%evp 16,34,-22,-22,-14,-15,15,7,16,-2,25,-22,-5,-22,-17,-71,-68,-71,-57,-70,-59]} 1. e4 e5 2. Nf3 Nc6 3. d4 exd4 4. Nxd4 Nf6 {[%cal Bg8f6,Bf6d5,Bd5f4,Bf4g6,Bg6e5][%mdl 32]} 5. Nxc6 bxc6 6. e5 Qe7 7. Qe2 Nd5 8. h4 Qe6 {C45: Scotch Game} 9. Nd2 {[%cal Bb1d2,Bd2f3,Bf3d4][%mdl 32] LiveBook: 6 Games} (9. g3 Nb4 10. c4 Ba6 11. Bf4 d5 12. a3 Bxc4 13. Qd1 Bxf1 14. Kxf1 Na6 15. Nc3 Nc5 16. b4 {1-0 (32) Tomczak,J (2614)-Kramnik,V (2779) Batumi 2018}) 9... a5 10. c4 $146 ({Predecessor:} 10. Nf3 Ba6 11. c4 Bb4+ 12. Bd2 Bxd2+ 13. Qxd2 Nb6 14. b3 d6 15. Bd3 dxe5 16. O-O {1-0 (29) Sychev,K (2534)-Khanin,S (2510) Sochi 2018}) 10... Nf4 {The position is equal.} 11. Qe3 Ng6 12. Nf3 Bb4+ 13. Kd1 {[#] Threatens to win with a3.} d6 14. exd6 cxd6 15. h5 (15. Qxe6+ $11 Bxe6 16. Kc2) 15... Ne5 $17 16. Nd4 Qf6 {Strongly threatening ...Bc5.} 17. h6 Bc5 1/2-1/2

[Event "79th ARM-ch 2019"]
[Site "Yerevan"]
[Date "2019.01.18"]
[Round "7"]
[White "Hakobyan, Aram"]
[Black "Andriasian, Zaven"]
[Result "1/2-1/2"]
[WhiteElo "2545"]
[BlackElo "2604"]
[Annotator "TA"]
[PlyCount "81"]
[EventDate "2019.01.12"]
[EventType "tourn"]
[EventCountry "ARM"]
[SourceTitle "playchess.com"]
[Source "ChessBase"]
[SourceQuality "1"]

{[%evp 15,81,24,11,8,26,38,29,26,43,21,14,0,72,72,87,75,72,70,92,68,85,78,87,83,81,77,120,113,156,101,99,99,99,98,98,106,112,56,56,56,56,56,64,56,56,56,56,56,56,53,56,37,56,53,53,0,34,34,60,60,60,60,69,60,60,54,54,57]} 1. e4 c5 2. Nf3 d6 3. Bb5+ Nc6 4. Bxc6+ bxc6 5. O-O Bg4 6. h3 Bh5 {B51: Sicilian: Moscow Variation (3 Bb5+) without 3...Bd7} (6... Bxf3 7. Qxf3 e5 8. d3 Nf6 9. Na3 Be7 10. Nc4 O-O 11. Bd2 Nd7 12. a3 Nb6 13. Na5 Qc7 14. c4 {1-0 (45) Rublevsky,S (2683)-Timofeev,A (2549) Sochi 2017}) 7. Re1 e6 8. d3 Nf6 {LiveBook: 13 Games. White has an edge.} 9. e5 Nd7 10. exd6 Bxd6 11. Nbd2 O-O 12. Ne4 $146 (12. b3 {with more complications.} Re8 13. Bb2 f6 14. Ne4 Bc7 15. Ng3) 12... Bc7 13. Ng3 (13. Bd2 {looks sharper.} Re8 14. Bc3 e5 15. g4 Bg6 16. Nfd2) 13... Bxg3 (13... Bg6 $11) 14. fxg3 $16 {[%cal Bf2g3,Bg3g4][%mdl 32]} Re8 15. g4 $36 {[%mdl 2048] White is really pushing.} Bg6 16. Qd2 Qb6 17. Qf2 e5 18. b3 e4 19. dxe4 c4 20. Be3 Qa6 21. Nd2 c3 22. Nb1 (22. Nc4 $142) 22... Nf6 23. Nxc3 Nxe4 24. Nxe4 Rxe4 25. c4 Rae8 26. Bc5 (26. g5 $16) 26... Rxe1+ $1 $14 27. Rxe1 Rxe1+ 28. Qxe1 {[%cal Re1e8] [#]} h6 $1 29. Qf2 Bb1 $1 30. a4 {Hoping for Qe3.} Qb7 $1 31. Qb2 Bg6 32. b4 a6 33. Qd4 Qc8 34. Qd6 Qe8 35. Bf2 ({White should play} 35. Qe7 $14 Qxe7 36. Bxe7) 35... Bc2 36. a5 {White is slightly better.} Qe4 37. b5 cxb5 38. cxb5 axb5 39. Qb8+ Kh7 40. Qxb5 Bd3 41. Qf5+ {Precision: White = 66%, Black = 67%.} 1/2-1/2

[Event "79th ARM-ch 2019"]
[Site "Yerevan"]
[Date "2019.01.19"]
[Round "8"]
[White "Hovhannisyan, Robert"]
[Black "Petrosyan, Manuel"]
[Result "1/2-1/2"]
[WhiteElo "2637"]
[BlackElo "2579"]
[Annotator "TA"]
[PlyCount "126"]
[EventDate "2019.01.12"]
[EventType "tourn"]
[EventCountry "ARM"]
[SourceTitle "playchess.com"]
[Source "ChessBase"]
[SourceQuality "1"]

{[%evp 27,126,34,38,39,44,49,49,37,41,8,77,70,95,97,98,69,116,100,124,78,204,35,56,0,79,-116,-126,-99,0,0,0,0,0,0,0,0,0,0,0,0,0,0,0,-146,-127,-120,-140,-136,-128,-119,-50,-242,-197,-186,-185,-177,-146,-143,-14,-35,0,0,0,0,0,0,0,0,0,0,0,0,0,0,0,0,0,0,0,0,0,0,0,0,0,0,0,0,0,0,0,0,0,0,0,0,0,0,0,0,0]} 1. e4 c5 2. Nf3 e6 3. d4 cxd4 4. Nxd4 Nc6 5. Nc3 Qc7 6. Be3 a6 7. Be2 Nf6 8. O-O Be7 9. f4 d6 10. Bf3 O-O 11. Nxc6 bxc6 12. Na4 Rb8 13. c4 {B85: Sicilian Scheveningen: 6 Be2 a6, lines with early Be3} c5 14. Qc2 Nd7 {LiveBook: 3 Games} (14... Bb7 15. Nc3 Nd7 16. Rad1 Rbd8 17. Kh1 Nb8 18. Qf2 Nc6 19. b3 Rfe8 20. Bh5 Nd4 {0-1 (66) Danin,A (2543)-Rublevsky,S (2678) Olginka 2011}) 15. b3 {White is slightly better.} Bb7 16. Rad1 Rbd8 17. g4 $146 ({Predecessor:} 17. h3 Bc6 18. Nc3 Bf6 19. Rd3 Rfe8 20. Rfd1 Nf8 21. Bf2 h6 {1-0 (50) Keuter,K (2429)-Romanov,R (2438) ICCF email 2015}) 17... Nb8 18. Qg2 Bc6 (18... Nc6 $11) 19. Nc3 $16 Rfe8 20. g5 Bf8 21. Bc1 Ba8 22. f5 Nc6 23. Qh3 Nd4 {[#]} (23... Ne5 $16) 24. Bg2 $2 (24. g6 $1 $18 {[%mdl 512]} hxg6 (24... fxg6 25. fxg6) 25. fxg6 fxg6 26. Bg4) 24... g6 25. Rf4 (25. Rd2 $14) 25... Qa5 (25... exf5 $11 26. exf5 Qa5) 26. Kh1 $2 (26. Bd2 $1 $16 Qc7 27. f6) 26... exf5 $17 27. Bd2 {[#] Threatens to win with Nd5.} Qa3 (27... Bg7 $1 $17 28. Rh4 fxe4 29. Rxh7 Qc7) 28. exf5 $11 Bxg2+ ({Avoid the trap} 28... gxf5 $2 29. Bxa8 Bg7 30. Bd5 $18) 29. Qxg2 Nxf5 ({Don't blunder} 29... gxf5 $2 30. Nd5 $18) 30. Nd5 Bg7 31. Nf6+ Bxf6 $1 32. gxf6 {Hoping for Bc1.} Re5 $1 $36 {[%mdl 2048] White is under pressure.} 33. Rdf1 Nd4 34. Bc3 $1 {Strongly threatening Rxd4.} Rde8 35. Rxd4 (35. Rg1 $11 {remains equal.}) 35... cxd4 $17 36. Qd2 {[#] White threatens Qh6 and mate.} R8e6 $1 ({And not} 36... dxc3 37. Qh6 Qxa2 38. Qg7#) 37. Bxd4 Rh5 38. c5 Re8 (38... a5 $17 39. c6 Qb4 40. Qxb4 axb4) 39. c6 $2 ({White must play} 39. Re1 $1 $15 Rf8 40. c6) 39... Qa5 40. Qxa5 Rxa5 $19 {[%mdl 4096] Endgame KRR-KRB} 41. a4 Rd5 42. Bb6 Rd3 ({Better is} 42... Rc8 $17 43. Rc1 Kf8) 43. b4 $11 Rc3 44. c7 $1 {The position is equal.} h5 45. b5 axb5 46. axb5 Rb3 47. Rc1 Rc8 48. Rc6 Rxb5 49. Rxd6 {And now Rd8+ would win.} Kh7 {aiming for ...Rxb6!} 50. Rd8 $1 {[%cal Rd8c8]} Rb1+ 51. Kg2 Rb2+ 52. Kg3 Rb3+ 53. Kg2 Rb2+ 54. Kf3 Rxb6 55. Rxc8 Rxf6+ {KR-KR} 56. Ke4 Rc6 57. Kd5 Rc1 58. Kd6 Rd1+ $1 59. Ke7 Re1+ 60. Kxf7 {Intending Rh8+! and mate.} Rf1+ 61. Ke6 Re1+ 62. Kd5 Rd1+ 63. Ke4 Rc1 {Accuracy: White = 49%, Black = 55%.} 1/2-1/2

[Event "79th ARM-ch 2019"]
[Site "Yerevan"]
[Date "2019.01.19"]
[Round "8"]
[White "Martirosyan, Haik M."]
[Black "Harutyunian, Tigran K."]
[Result "1-0"]
[WhiteElo "2607"]
[BlackElo "2542"]
[Annotator "TA"]
[PlyCount "53"]
[EventDate "2019.01.12"]
[EventType "tourn"]
[EventCountry "ARM"]
[SourceTitle "playchess.com"]
[Source "ChessBase"]
[SourceQuality "1"]

{[%evp 21,53,-5,-9,-21,79,77,73,75,79,0,0,0,60,60,79,49,95,95,131,123,203,160,204,204,669,722,722,539,534,531,522,506,29994,29995]} 1. e4 e5 2. Nf3 Nc6 3. Bc4 Bc5 4. d3 Nf6 5. Bg5 h6 6. Bh4 d6 7. c3 a6 8. a4 {C54: Giuoco Piano: 4 c3 Nf6, main lines with 5 d4 and 5 d3} Ba7 9. Nbd2 g5 10. Bg3 O-O 11. O-O Nh7 {LiveBook: 13 Games} 12. Bb3 (12. Kh1 Kh8 13. b4 h5 14. h4 g4 15. Nh2 f5 16. exf5 {0-1 (52) Kovalenko,I (2646)-Amin,B (2686) Batumi 2018}) 12... g4 $146 {[#]} (12... h5 $11 13. h4 g4) ({Predecessor:} 12... h5 13. h4 g4 14. Ne1 Ne7 {½-½ (59) Kuipers,S (2484)-Vrolijk,L (2419) Leiden 2018}) 13. Nh4 $1 $16 Qg5 14. Kh1 Nf6 {[#]} 15. f4 ({Better is} 15. Nf5 $1 $16) 15... exf4 $11 16. Rxf4 {Threatens to win with Qf1.} Nh5 (16... Be3 $11 17. Rf5 Bxf5 18. Nxf5 Bf4) 17. Rf1 $14 Nxg3+ 18. hxg3 Ne7 19. d4 c5 20. Nc4 $36 {[%cal Bd2c4,Bc4d6,Bd6e4,Be4f6,Bf6h5][%mdl 2080] White is really pushing.} d5 (20... Ng6 $16) 21. Nd6 $18 {Strongly threatening exd5.} cxd4 22. exd5 ({Don't take} 22. cxd4 $6 Qe3 $16) 22... Ng6 $2 (22... f5 23. Nxc8 Nxc8) 23. Ne4 Qe5 24. Qd3 Kg7 25. Nf6 Qe3 26. Nh5+ Kh7 {[#]} (26... Kg8 $18 27. Nf6+ Kg7 28. Nh5+ Kg8 29. Nf6+ Kg7) 27. Rxf7+ $1 {[%mdl 512] Precision: White = 89%, Black = 34%.} 1-0